Retrato de Arthur Gordon Pym / Edgar Allan Poe
Novela gótica que se desarrolla en altamar en el año de 1827, gira en torno a un polizón que decide embarcarse en el velero Grampus, sin saber que esta decisión le cambiaría la vida, ya que tendrá que presenciar atroces motines, asesinatos y un gran naufragio que lo pondrá entre la espada y la pared...
Збережено в:
| Автор: | |
|---|---|
| Формат: | Книга |
| Мова: | Undetermined |
| Опубліковано: |
Barcelona, España
Planeta
1987
|
| Предмети: | |
| Теги: |
Додати тег
Немає тегів, Будьте першим, хто поставить тег для цього запису!
|
MARC
| LEADER | 00000nam a2200000Ia 4500 | ||
|---|---|---|---|
| 008 | 170316s9999 xx 000 0 und d | ||
| 040 | |a cru BVZT | ||
| 090 | |a 810 P-15r | ||
| 100 | |a Poe, Edgar Allan | ||
| 245 | |a Retrato de Arthur Gordon Pym / Edgar Allan Poe | ||
| 260 | |a Barcelona, España | ||
| 260 | |b Planeta | ||
| 260 | |c 1987 | ||
| 300 | |a 225 páginas | ||
| 520 | |a Novela gótica que se desarrolla en altamar en el año de 1827, gira en torno a un polizón que decide embarcarse en el velero Grampus, sin saber que esta decisión le cambiaría la vida, ya que tendrá que presenciar atroces motines, asesinatos y un gran naufragio que lo pondrá entre la espada y la pared. El retrato de Arthur Gordon Pym, escrito en 1838, representa la única gran novela del famoso autor Edgar Allan Poe. | ||
| 650 | |a LITERATURA ESTADOUNIDENSE |9 25 | ||
| 999 | |c 6037 |d 6037 | ||
| 942 | |c 15 D |h 810 P-15r |2 z | ||
